00466 a2200145 4500020001100000035001200011037004300023082001000066100002300076245007900099260004000178300002800218490004800246700002600294 c160.00 aB-82696 bRP-L-450/ PANSY-04-05:8 / RP-04-05:ENG14a574.81 aAttwood, Teresa K.1 aIntroduction to bioinformaticscby Teresa K. Attwood, David J. Parry-Smith aSingaporebPearson Educationc2004r axx, 218 pc24 cm (pbk) aCell and nulecular biology in action series aParry-Smith, David J.